00750nam a2200241 a 4500001001300000003000900013005001700022008004100039020001000080082001700090100002100107245005000128260005100178300000900229500003500238505002900273650002300302700002100325902000800346942000700354952013000361999001700491nice12345678IN_TiNIC20260116013418.0050524s1991 boma grp 000 0 eng  ac10000a297.122bKAM aKaluddin, Khwaja aIntroduction to the Study of the Holy Qur`an. aBombaybDarul Ishaat Kutub Khana Islamiac1991 a95p. aincludes index and biblioraphy2 avol.Nos. X and XIII only aQuran-Appreciation1 aKaluddin, Khwaja bSRS cBK 001040708StackRoom-aHMIbHMId2007-09-07g100.00l1o297.122 KAMp015679r2019-01-30s2019-01-25v100.00w2005-05-24yBK c10887d10887